Le libre arbitre : étude philosophique /

Guardat en:
Dades bibliogràfiques
Autor principal: Naville, Ernest (autor)
Format: Llibre
Idioma:francès
Edició:2a edición
Col·lecció:(Oeuvres philosophiques)
Matèries:
Etiquetes: Afegir etiqueta
Sense etiquetes, Sigues el primer a etiquetar aquest registre!

MARC

LEADER 00000nam^a2200000^a^4500
001 000373059
005 20250526000000.0
009 20260310120028.564
037 |a Acervo Xavier Clavigero 
041 |a FRA 
082 |a 123. 5  |b NAV 
100 |a Naville, Ernest  |e (autor) 
245 1 3 |a Le libre arbitre :  |b étude philosophique /  |c E. Naville. 
250 |a 2a edición 
264 |a Basilea, Suiza :  |b Georg :  |a París, Francia :  |b Librairie Félix Alcan,  |c 1898 
300 |a XIII, 311 p. ;  |c 22.0 cm. 
336 |a texto  |b txt  |2 rdacontenido 
337 |a sin mediación  |b n  |2 rdamedio 
338 |a volumen  |b nc  |2 rdasoporte 
440 1 |a (Oeuvres philosophiques) 
501 |a Encuadernación particular 
561 |a Ex libris de Bibliotheca Collegii Maximi Prov. Mexicanae, S.J. 
561 |a Ex libris de Domus Maior México 
561 |a Ex libris de Instituto de Literatura Puente Grande, Jal. 
561 |a Ex libris de Bibl. Iunioratus Dom. Prob. S. Ioseph 
562 |a Falta cubierta 
649 |a XX 
650 |a Libre Albedrío -  |x Tema Principal 
650 |a Libertad -  |x Tema Principal 
650 |a Espiritualismo -  |x Historia y Crítica 
650 |a Determinismo -  |x Historia y Crítica 
650 |a Idealismo -  |x Historia y Crítica 
650 |a Materialismo -  |x Historia y Crítica 
650 |a Filosofía 
910 |a Fondo General 
920 |a Impresos - Libros 
930 |a Libros Antiguos y Raros 
905 |a 108 
901 |a 0500267523  |b IT2  |c LRA  |u 20250526 
902 |a https://opac.biblio.iteso.mx/vufind/Record/000373059